000 00719nam a22002297a 4500
999 _c13327
_d13327
003 AR-CdUCM
008 190412b ||||| |||| 00| 0 spa d
020 _a978-612-309-105-7
040 _aMUNICIPALIDAD PROVINCIAL DEL CUSCO
_cBIBLIOTECA MUNICIPAL DEL CUSCO
082 _aEP / 372.808 /
_bT63
100 _aThays, Iván
_91
245 _aDecreto Ser Feliz /
260 _aLima :
_bSantillana ;
_c2013.
300 _a45 páginas ;
_bIlustraciones
_c22cm
440 _aCuenta Cosas - Alfaguara
_931695
505 _aContenido: Cuentos
650 _aCuentos
_9312
650 _aEducación primaria
_91561
700 _aCastro, Ximena (Ilustraciones)
_931696
942 _2ddc
_cLIBROS
945 _anom
_d2019-04-12